LEADER 00805cam0-2200301---450- 001 990005058540403321 005 20100603121025.0 035 $a000505854 035 $aFED01000505854 035 $a(Aleph)000505854FED01 035 $a000505854 100 $a19990604d1968----km-y0itay50------ba 101 0 $aita 102 $aIT 105 $ay-------001ay 200 1 $aDialoghi con Leucò$fCesare Pavese 210 $aTorino$cEinaudi$dc1968 215 $a182 p.$d19 cm 225 1 $aOpere di Cesare Pavese$v6 676 $a853.91 700 1$aPavese,$bCesare$f<1908-1950>$0167779 801 0$aIT$bUNINA$gRICA$2UNIMARC 901 $aBK 912 $a990005058540403321 952 $a853.91 PAVE 7(1)$bIst.f.m.16410$fFLFBC 959 $aFLFBC 996 $aDialoghi con Leucò$9138487 997 $aUNINA LEADER 01319nam--2200409---450- 001 990002457450203316 005 20081230114818.0 010 $a88-7065-020-0 035 $a000245745 035 $aUSA01000245745 035 $a(ALEPH)000245745USA01 035 $a000245745 100 $a20050802h1998----km-y0itay0103----ba 101 0 $aita 102 $aIT 105 $a||||||||001yy 200 1 $a<> internazionalizzazione dell'industria alimentare$eil caso della Campania$fa cura di Paolo Stampacchia 210 $aNapoli$cPrismi$dc1998 215 $a439 p.$d24 cm 225 2 $aStudi sul Mezzogiorno 410 0$12001$aStudi sul Mezzogiorno 461 1$1001-------$12001 606 0 $aIndustria alimentare$yCampania 606 0 $aGeneri alimentari$xEsportazione$yCampania 676 $a338.4766400945 702 1$aSTAMPACCHIA,$bPaolo 801 0$aIT$bsalbc$gISBD 912 $a990002457450203316 951 $a338.476 INT 1 (IRA 18 126)$b13128 E.C.$cIRA 18$d00128710 959 $aBK 969 $aECO 979 $aMARIASEN$b90$c20050802$lUSA01$h1407 979 $aMARIASEN$b90$c20050802$lUSA01$h1410 979 $aPECORARO$b90$c20050804$lUSA01$h1312 979 $aRSIAV1$b90$c20081230$lUSA01$h1148 996 $aInternazionalizzazione dell'industria alimentare$9412564 997 $aUNISA